| 000 | 005260000a22001810004500 | ||
|---|---|---|---|
| 001 | 002443 | ||
| 003 | MACL | ||
| 005 | 20150705121848.0 | ||
| 008 | 150705b xxu||||| |||| 00| 0 eng d | ||
| 040 |
_aMACL _cMACL |
||
| 041 | _aEnglish | ||
| 100 |
_aBandyopadhyay, Gouri Sankar _9740 |
||
| 245 |
_aFolk Religion and Mass Culture in rural Bengal _bTraditional and Transformation _cGouri Sankar Bandyopadhyay |
||
| 260 |
_aTouchstone Publication, _c2007 |
||
| 350 | _a250 | ||
| 650 |
_aSocial Science _929 |
||
| 942 |
_k306 _cBK _2ddc |
||
| 999 |
_c14355 _d14355 |
||